City Design Modernist,Traditional, green and systems perspectives 2nd ed., (Record no. 5378)

000 -LEADER
fixed length control field 00317nam a2200109Ia 4500
008 - FIXED-LENGTH DATA ELEMENTS--GENERAL INFORMATION
fixed length control field 200302s9999 xx 000 0 und d
100 ## - MAIN ENTRY--PERSONAL NAME
Personal name Jonathan Barnett
245 ## - TITLE STATEMENT
Title City Design Modernist,Traditional, green and systems perspectives 2nd ed.,
260 ## - PUBLICATION, DISTRIBUTION, ETC.
Name of publisher, distributor, etc. Routledge publishing Co.
260 ## - PUBLICATION, DISTRIBUTION, ETC.
Date of publication, distribution, etc. 2016
300 ## - PHYSICAL DESCRIPTION
Extent 269 P.,
Holdings
Withdrawn status Lost status Damaged status Not for loan Permanent Location Current Location Date acquired Cost, normal purchase price Total Checkouts Full call number Barcode Date last seen Date last checked out Price effective from Koha item type
        BMS College of Architecture, Design and Planning BMS College of Architecture, Design and Planning 2020-03-03 3087.86 1 307.1216 CL-PG24063 2021-12-17 2021-09-03 2020-03-03 PG Books from CL
Copyright © 2025, The Librarian, Library and Information Centre, BMSCA D&P, Bengaluru. All Rights Reserved
web counter

Powered by Koha